000 00715nam a2200277 a 4500
001 UByD002489
003 AR-LpoUNG
005 20240306124737.0
008 240306s2017||||ag |||||||||||||||||spa d
020 _a9789874109170
040 _aAR-LpoUNG
_bspa
_cAR-LpoUNG
_eaacr
041 _aspa
044 _aag
082 0 _aA863 929sil
100 1 _aMourier, Juan
245 1 3 _aEl silencio de los porteros :
_bla conspiración más oscura, en tu propia casa
250 _a1ra. ed.
260 _aBuenos Aires :
_bBärenhaus,
_c2017.
300 _a278 p.
650 4 _aARGENTINA
650 4 _aLITERATURA
650 4 _aNOVELA
653 0 _aLITERATURA ARGENTINA
905 _a55630
942 _cLIB
_2ddc
999 _c65012
_d65012